Sports Quiz

Random Sports or Baseball Quiz
Score 0/30 Timer 05:00
6 Plays Today
% Correct
New York Yankees
90.7%
Chicago Cubs
85.4%
Colorado Rockies
82.8%
San Francisco Giants
82.8%
Washington Nationals
82.6%
Boston Red Sox
82.5%
Houston Astros
82.1%
Tampa Bay Rays
81.7%
Seattle Mariners
81.7%
San Diego Padres
81.5%
Kansas City Royals
79.4%
St. Louis Cardinals
78.7%
Texas Rangers
78.4%
Arizona Diamondbacks
77.8%
Miami Marlins
76.6%
% Correct
Toronto Blue Jays
76.2%
New York Mets
75.9%
Philadelphia Phillies
74.3%
Chicago White Sox
74.1%
Milwaukee Brewers
73.1%
Atlanta Braves
71.8%
Cleveland Indians
69.6%
Los Angeles Dodgers
67.5%
Los Angeles Angels
66.1%
Cincinnati Reds
65.3%
Oakland Athletics
64%
Minnesota Twins
63.2%
Baltimore Orioles
61.2%
Pittsburgh Pirates
61.1%
Detroit Tigers
60.7%

You're not logged in!

Compare scores with friends on all Sporcle quizzes.
OR
Log In

Sporcle TV

Today on Sporcle TV


Watch our educational content, quiz creation guides, and fun videos on Sporcle TV.

Show Comments

Extras

Top Quizzes Today


Score Distribution

Paid Content

Your Account Isn't Verified!

In order to create a playlist on Sporcle, you need to verify the email address you used during registration. Go to your Sporcle Settings to finish the process.

Report this User

Report this user for behavior that violates our Community Guidelines.

Details: